Taylor Swift - Devine la chanson sans indices #83 - Statistiques

Statistiques générales
  • Ce quiz a été pris 169 fois
  • Le résultat moyen est 251 sur 406
Statistiques - réponses
Réponse % Correct
a
100%
I
100%
you
99%
You
99%
you,
99%
the
96%
The
96%
your
92%
Your
92%
love
91%
And
89%
and
89%
me
89%
It
88%
be
87%
do
86%
on
85%
in
84%
my
84%
that
83%
That
83%
to
83%
where
83%
So
82%
when
82%
for
81%
it's
79%
I'm
78%
this
78%
you're
78%
don't
77%
is
75%
go
73%
like
73%
of
73%
have
72%
was
71%
know
70%
why
70%
can
68%
did
68%
How
68%
how
68%
are
65%
But
63%
but
63%
then
63%
All
62%
had
61%
I'll
60%
with
60%
never
56%
Never
56%
not
56%
at
55%
look
55%
loved
55%
last
54%
kiss
53%
I'd
52%
us
52%
up
51%
face
50%
thought
49%
just
48%
Just
48%
off
48%
remember
48%
you'd
48%
day
47%
our
45%
time
45%
end
43%
heart
42%
told
42%
now,
41%
now
41%
still
40%
we'd
40%
beat
38%
Because
38%
forever
38%
Forever
38%
life
38%
feel
37%
lips
37%
away?
35%
Away
35%
hands
35%
miss
35%
them
35%
something
33%
mind
32%
There's
32%
name,
30%
name
30%
those
30%
watch
30%
friends
29%
eyes
28%
middle
28%
sleep
28%
imagined
27%
used
27%
July
25%
nice
25%
pictures
25%
keep
24%
pockets
24%
rain
23%
beautiful
22%
floor
22%
Hope
22%
hope
22%
much
22%
sun
22%
walk
22%
wearing
22%
wish
22%
9th,
21%
clothes
21%
forget
21%
recall
21%
saying
21%
Sit
21%
again
20%
breathe
20%
old
20%
smell
20%
stayed
19%
ask
18%
dancing,
18%
words
18%
arms
17%
plan
17%
shines
17%
through
17%
change
16%
1:58
15%
Lit
15%
party,
15%
plane
15%
reminds
15%
Fresh
14%
handshake,
14%
pavement,
14%
ran
14%
changing
13%
father
13%
whispered
13%
darkness
12%
interruptions
12%
meeting
12%
planned
12%
pull
12%
rude
12%
shirt
12%
weather
12%
jumps
11%
roll
11%
showing
10%
step
9%
swing
7%
Aucun quiz correspondant
Distribution des résultats
% des personnes avec chaque résultat
Percentile par nombre de réponses
Votre historique - résultats
Vous n’avez pas pris ce quiz